guess the condiments - Statistics

General Stats
  • This quiz has been taken 42 times
  • The average score is 8 of 16
Answer Stats
Picture Answer % Correct
ketchup
97%
mustard
94%
guacamole
72%
jam
69%
soy sauce
69%
oil
67%
hummus
58%
pesto
53%
peanut butter
50%
syrup
47%
vinegar
42%
chocolate sauce
19%
gravy
11%
alfredo sauce
3%
alioli
0%
bechamel
0%
No matching quizzes found
Score Distribution
Percent of People with Each Score
Percentile by Number Answered
Your Score History
You have not taken this quiz